El arte romano /
Guardado en:
| Autor Principal: | |
|---|---|
| Formato: | Libro |
| Publicado: |
Buenos Aires :
Paidós,
1985
|
| Series: | Gramática de los estilos
|
| Materias: | |
| Etiquetas: |
Agregar Etiqueta
Sin Etiquetas, Sea el primero en etiquetar este registro!
|
| LEADER | 00980nam a22002055a 4500 | ||
|---|---|---|---|
| 001 | CEM.cems000829 | ||
| 005 | 20100531085529.0 | ||
| 008 | 130507s1985##################000#0#####d | ||
| 003 | CEMS | ||
| 082 | 0 | 4 | |a 709.37 |
| 100 | 1 | |a Baratte, Francois | |
| 245 | 1 | 0 | |a El arte romano / |c Francois Baratte |
| 260 | |a Buenos Aires : |b Paidós, |c 1985 | ||
| 300 | |a 64 p. | ||
| 490 | 0 | |a Gramática de los estilos | |
| 505 | 0 | |a La arquitectura civil y religiosa -- Las técnicas -- La arquitectura religiosa -- Monumentos públicos -- El arte y el estado -- La arquitectura imperial -- El relieve histórico -- El arte y el individuo -- El retrato -- Escultura funeraria -- Las alternativas decorativas -- La vajilla de plata -- La arquitectura domestica y el decorado interior -- La casa -- Jardines y fuentes -- El mobiliario -- La pintura mural -- El mosaico | |
| 653 | |a Arte | ||
| 653 | |a Arte romano | ||
| 653 | |a Historia del arte | ||
| 859 | |a CEMS |b BIB. CEMS - 11 de abril |h 709.37 |i B231 |p 14769.87 |t Ej.1 | ||
